000 01473 a2200241 4500
003 OSt
005 20180116182815.0
008 170823b xxu||||| |||| 00| 0 eng d
020 _a0521585295
020 _a9780521585293
040 _c0
082 0 4 _a363.60685 FUE 1999
100 1 _aAngel de la Fuente.
245 1 0 _aMathematical Methods and Models for Economists
_cAngel de la Fuente.
260 _aUSA
_bCambridge University Press,
_c2000.
300 _a835p.
_c28 cm.
_bpb.
440 _aMathematical Methods and Models for Economists
500 _aPaperback.
520 _aThis book is intended as a textbook for a first-year Ph. D. course in mathematics for economists and as a reference for graduate students in economics. It provides a self-contained, rigorous treatment of most of the concepts and techniques required to follow the standard first-year theory sequence in micro and macroeconomics. The topics covered include an introduction to analysis in metric spaces, differential calculus, comparative statics, convexity, static optimization, dynamical systems and dynamic optimization. The book includes a large number of applications to standard economic models and over two hundred fully worked-out problems.
856 4 0 _3Amazon.com
_uhttp://www.amazon.com/exec/obidos/ASIN/0521585295/chopaconline-20
856 4 0 _3Amazon customer reviews
_uhttp://www.chopac.org/cgi-bin/tools/azrev.pl?q=0521585295
942 _aNBS
_cBK
_k363.60685 FUE 1999
_2ddc
999 _c346402
_d346402